[Event "Open Jastrzebie 2019"]
[Site "?"]
[Date "2019.08.14"]
[Round "3.24"]
[White "Szymanska, Joanna"]
[Black "Rocek, Lukas"]
[Result "0-1"]
[WhiteElo "1253"]
[BlackElo "1030"]
[PlyCount "72"]

1. e4 e5 2. f4 d6 3. Nf3 Nc6 4. d4 Bg4 5. fxe5 dxe5 6. Bc4 Nxd4 7. O-O Nxf3+ 8.
gxf3 Qxd1 9. Rxd1 Bxf3 10. Bxf7+ Kxf7 11. Rf1 Bc5+ 12. Rf2 Bxf2+ 13. Kxf2 Bxe4
14. c3 Nf6 15. Nd2 Rad8 16. Nc4 Rhe8 17. Bg5 h6 18. Bh4 g5 19. Bg3 Ng4+ 20. Ke1
Bd3 21. Nd2 e4 22. Bxc7 Rd7 23. Bg3 e3 24. Nf3 e2 25. h3 Bc2 26. Nd4 Ne3 27.
Kxe2 Nf5+ 28. Kd2 Nxd4 29. cxd4 Bf5 30. Bf2 Bxh3 31. Rh1 g4 32. Kd3 Rde7 33.
Rd1 g3 34. Bg1 Re1 35. Rxe1 Rxe1 36. Be3 g2 0-1

[Event "Open Jastrzebie 2019"]
[Site "?"]
[Date "2019.08.15"]
[Round "4.1"]
[White "Tymrakiewicz, Rafal"]
[Black "Khamitskiy, Sergei"]
[Result "1/2-1/2"]
[WhiteElo "2226"]
[BlackElo "2243"]
[PlyCount "134"]
[EventDate "2019.??.??"]

1. e4 e6 2. d4 d5 3. Nd2 Nf6 4. e5 Nfd7 5. c4 c5 6. cxd5 exd5 7. Ngf3 Nc6 8.
Bd3 Be7 9. O-O cxd4 10. Re1 Nc5 11. Bb1 Bg4 12. Nb3 Ne6 13. h3 Bh5 14. g4 Bg6
15. Nbxd4 Bxb1 16. Rxb1 O-O 17. Be3 Qb8 18. Nf5 Bb4 19. Bd2 Bxd2 20. Qxd2 Rd8
21. Rbc1 Rd7 22. Kg2 Qf8 23. Red1 Rad8 24. Re1 d4 25. Rcd1 Rd5 26. Kg1 R8d7 27.
Qd3 Kh8 28. a3 a5 29. Kh2 Qb8 30. Qe4 f6 31. Kh1 Nxe5 32. b4 Nxf3 33. Qxf3 Ng5
34. Qg2 g6 35. Ne3 Re5 36. f4 Rxe3 37. Rxe3 Qxf4 38. Re8+ Kg7 39. Rf1 Qd6 40.
h4 Nf7 41. g5 fxg5 42. hxg5 Re7 43. Rxe7 Qxe7 44. Qd5 axb4 45. axb4 Nxg5 46.
Qxd4+ Kg8 47. b5 Ne4 48. Rf4 Ng3+ 49. Kg2 Nf5 50. Qe4 Qg5+ 51. Kf2 b6 52. Rf3
Qc1 53. Kg2 Qb2+ 54. Kg1 Qxb5 55. Rd3 Qb1+ 56. Kg2 Qc2+ 57. Kh3 Qf2 58. Qc4+
Kg7 59. Qc3+ Kh6 60. Qd2+ Qxd2 61. Rxd2 Kg5 62. Rb2 h5 63. Rxb6 Nd4 64. Rb4 Nf5
65. Rb6 h4 66. Rb4 Kh5 67. Rb5 Kg5 1/2-1/2

[Event "Open Jastrzebie 2019"]
[Site "?"]
[Date "2019.08.15"]
[Round "4.2"]
[White "Galuszka, Tomasz"]
[Black "Dzierzak, Radoslaw"]
[Result "1-0"]
[WhiteElo "2113"]
[BlackElo "2289"]
[PlyCount "95"]

1. e4 c5 2. Nf3 Nc6 3. d4 cxd4 4. Nxd4 e6 5. Nc3 Qc7 6. g3 a6 7. Bg2 d6 8. O-O
Bd7 9. a4 Nf6 10. Nxc6 Bxc6 11. a5 Be7 12. Be3 O-O 13. Re1 Nd7 14. Na4 Rae8 15.
Nb6 f5 16. Bd4 Nxb6 17. axb6 Qd7 18. exf5 Bxg2 19. Kxg2 Rxf5 20. Kg1 Bd8 21. c4
Qc6 22. Qa4 Qxa4 23. Rxa4 Kf7 24. b4 Bf6 25. Be3 Rc8 26. Rc1 Ke7 27. f4 Rh5 28.
Kg2 g5 29. Ra5 e5 30. fxe5 Bxe5 31. Rxe5+ dxe5 32. g4 Rh6 33. Bxg5+ Rf6 34. Rf1
Rxc4 35. Bxf6+ Ke6 36. Kg3 Rxb4 37. Bg5 a5 38. Be3 a4 39. Ra1 Kd5 40. Kf3 Kc4
41. Rc1+ Kb3 42. Rc7 a3 43. Rxb7 a2 44. Ra7 Ra4 45. b7 a1=Q 46. b8=Q+ Kc4 47.
Rc7+ Kd3 48. Qb3+ 1-0

[Event "Open Jastrzebie 2019"]
[Site "?"]
[Date "2019.08.15"]
[Round "4.3"]
[White "Kelemen, Szabolcs"]
[Black "Molenda, Marcin"]
[Result "0-1"]
[WhiteElo "1939"]
[BlackElo "2387"]
[PlyCount "56"]

1. e4 c5 2. Nf3 e6 3. d4 cxd4 4. Nxd4 a6 5. Bd3 Nf6 6. c4 Qc7 7. Nc3 g6 8. O-O
Bg7 9. Nc2 O-O 10. Qe2 d6 11. Be3 Nbd7 12. Rad1 b6 13. f4 Bb7 14. f5 Rae8 15.
fxg6 hxg6 16. Bg5 d5 17. Rde1 dxe4 18. Nxe4 Nxe4 19. Bxe4 Bxe4 20. Qxe4 Bxb2
21. Qh4 Rc8 22. Re4 Bg7 23. Ref4 f6 24. Qh3 Qc5+ 25. Rd4 e5 26. Qxd7 exd4 27.
Qe6+ Rf7 28. Bxf6 Qxc4 0-1

[Event "Open Jastrzebie 2019"]
[Site "?"]
[Date "2019.08.15"]
[Round "4.4"]
[White "Czerw, Dawid"]
[Black "Distel, Pawel"]
[Result "1-0"]
[WhiteElo "2281"]
[BlackElo "1705"]
[PlyCount "81"]

1. c4 e5 2. g3 Nc6 3. Bg2 g6 4. Nc3 Bg7 5. e3 Nge7 6. Nge2 d6 7. O-O O-O 8. Rb1
Bf5 9. d3 Qd7 10. Nd5 Nd8 11. e4 Be6 12. d4 c6 13. Nxe7+ Qxe7 14. d5 Bg4 15. f3
Bc8 16. dxc6 bxc6 17. Be3 Ne6 18. Qd2 Ba6 19. b3 Rfd8 20. Rfd1 Rd7 21. f4 Rdd8
22. f5 Nc7 23. Nc3 Bb7 24. Qf2 a5 25. Rd2 f6 26. Rbd1 Bf8 27. h4 Qf7 28. Bc5
Ne8 29. Bb6 Bh6 30. Rd3 Rd7 31. c5 gxf5 32. Bh3 Ng7 33. Rxd6 Rxd6 34. Rxd6 Ne8
35. Rd1 Ng7 36. exf5 Ne8 37. Bf1 Ba6 38. Bxa6 Rxa6 39. Rd8 Qe7 40. Ne4 Kf7 41.
Qe2 1-0

[Event "Open Jastrzebie 2019"]
[Site "?"]
[Date "2019.08.15"]
[Round "4.5"]
[White "Wiecek, Pawel"]
[Black "Klepek, Witold"]
[Result "0-1"]
[WhiteElo "1916"]
[BlackElo "2197"]
[PlyCount "60"]

1. Nf3 Nf6 2. e3 d5 3. c4 c5 4. d4 cxd4 5. exd4 Nc6 6. Be2 Bg4 7. O-O dxc4 8.
h3 Bh5 9. Na3 e6 10. Nxc4 Be7 11. Nce5 O-O 12. Nxc6 bxc6 13. Ne5 Bxe2 14. Qxe2
Qb6 15. Be3 Qb5 16. Qc2 Rfc8 17. Rfc1 c5 18. dxc5 Nd5 19. Nd3 Rd8 20. Rd1 Rac8
21. Qb3 Qa5 22. Bd2 Qa6 23. Nb4 Qe2 24. Nxd5 Bxc5 25. Be3 exd5 26. Bxc5 Rxc5
27. Rac1 Rxc1 28. Rxc1 d4 29. Qc2 d3 30. Qc8 Re8 0-1

[Event "Open Jastrzebie 2019"]
[Site "?"]
[Date "2019.08.15"]
[Round "4.6"]
[White "Hoferek, Svatopluk"]
[Black "Kozsik, Bende Barnabas"]
[Result "1/2-1/2"]
[WhiteElo "1786"]
[BlackElo "2044"]
[PlyCount "96"]

1. d4 Nf6 2. Nf3 g6 3. e3 Bg7 4. Bd3 O-O 5. O-O d6 6. h3 Re8 7. e4 e5 8. d5 a5
9. Re1 Rf8 10. Bd2 Ne8 11. Qc1 f5 12. Bh6 f4 13. Bxg7 Kxg7 14. a4 g5 15. Kf1
Kg6 16. Ke2 Nf6 17. g4 Nbd7 18. Nfd2 Nc5 19. f3 Rh8 20. Rh1 Qe8 21. Nc3 Qf7 22.
h4 h5 23. hxg5 Kxg5 24. Qg1 h4 25. Nd1 Bd7 26. b3 Rhg8 27. Nf2 Kg6 28. Nh3 Qh7
29. Qf2 Kf7 30. Rag1 Rg6 31. Rh2 Rag8 32. Ke1 Qg7 33. Be2 Rh8 34. Rhg2 Ng8 35.
Rh1 Ne7 36. Rgh2 Rgh6 37. Rg1 R6h7 38. Rhg2 Ke8 39. Rh1 Kd8 40. Rgh2 Kc8 41.
Ng1 Qg5 42. Nh3 Qg7 43. Ng1 Qf6 44. Nh3 Ng6 45. Bd1 Re8 46. Be2 c6 47. Bc4 Kc7
48. Nb1 Rhh8 1/2-1/2

[Event "Open Jastrzebie 2019"]
[Site "?"]
[Date "2019.08.15"]
[Round "4.7"]
[White "Norov, Artem"]
[Black "Piechota, Kamil"]
[Result "1-0"]
[WhiteElo "1894"]
[BlackElo "1663"]
[PlyCount "81"]

1. d4 d5 2. c4 e6 3. Nf3 Nf6 4. Nc3 c6 5. Bg5 Nbd7 6. e3 Qa5 7. Nd2 Bb4 8. Qc2
h6 9. Bxf6 Nxf6 10. Bd3 dxc4 11. Nxc4 Qc7 12. O-O O-O 13. e4 c5 14. Nb5 Qd7 15.
Ne5 Qd8 16. a3 Ba5 17. dxc5 a6 18. Nd6 Bc7 19. Nf3 b6 20. Nxc8 Rxc8 21. Bxa6
Ra8 22. Bb7 Rb8 23. Rfd1 Qe7 24. c6 Rfd8 25. b4 Rxd1+ 26. Rxd1 Rd8 27. Rxd8+
Qxd8 28. Qd2 Qe7 29. Qd3 Kh8 30. Ba6 Qe8 31. Bb5 Qe7 32. h3 Kg8 33. Bc4 e5 34.
Nh4 Qe8 35. Nf5 Kh7 36. b5 g6 37. Ne3 Kg7 38. Nd5 Nxd5 39. Qxd5 Qe7 40. a4 Qd8
41. Qxf7+ 1-0

[Event "Open Jastrzebie 2019"]
[Site "?"]
[Date "2019.08.15"]
[Round "4.8"]
[White "Sulkowski, Dawid"]
[Black "Marcinowski, Marek"]
[Result "1-0"]
[WhiteElo "1604"]
[BlackElo "1881"]
[PlyCount "107"]

1. e4 c6 2. d4 d5 3. Nc3 dxe4 4. Nxe4 Bf5 5. Ng3 Bg6 6. h4 h6 7. Nf3 Nd7 8. h5
Bh7 9. Bd3 Bxd3 10. Qxd3 e6 11. Bd2 Ngf6 12. O-O-O Bd6 13. Kb1 Qc7 14. Ne4 Nxe4
15. Qxe4 Nf6 16. Qe2 a5 17. c4 Bb4 18. Ne5 Bxd2 19. Rxd2 O-O-O 20. Rh3 c5 21.
Rhd3 cxd4 22. Rxd4 Rxd4 23. Rxd4 Rd8 24. Rxd8+ Kxd8 25. g4 Ke7 26. Qe3 Qd6 27.
Kc2 Nd7 28. Nxd7 Kxd7 29. Qf3 Ke7 30. Qxb7+ Kf6 31. Qb5 Qd4 32. Qxa5 Qxg4 33.
Qc5 Qe2+ 34. Kb3 Qd3+ 35. Kb4 Qd2+ 36. Ka3 e5 37. b4 Qc3+ 38. Ka4 Qc2+ 39. Kb5
Qxa2 40. Kb6 Qd2 41. Kc6 Kf5 42. b5 Qd8 43. b6 Qc8+ 44. Kb5 Qd7+ 45. Qc6 Qd4
46. Qc5 Qd7+ 47. Ka6 Qa4+ 48. Kb7 f6 49. Kc7 Qe8 50. b7 Qf7+ 51. Kb6 Qxh5 52.
b8=Q Qf3 53. Qe3 Qg4 54. Qc8+ 1-0

[Event "Open Jastrzebie 2019"]
[Site "?"]
[Date "2019.08.15"]
[Round "4.9"]
[White "Zak, Rafal"]
[Black "Shystarova, Svitlana"]
[Result "1/2-1/2"]
[WhiteElo "1610"]
[BlackElo "1865"]
[PlyCount "80"]

1. e4 e6 2. d4 d5 3. Nc3 dxe4 4. Nxe4 Nd7 5. Nf3 Ngf6 6. Nxf6+ Nxf6 7. Bd3 Be7
8. Qe2 O-O 9. O-O c5 10. Be3 Qd5 11. Rad1 Qh5 12. c4 b6 13. d5 exd5 14. Bg5 Be6
15. cxd5 Nxd5 16. Be4 Bxg5 17. Bxd5 Rae8 18. Qe5 Bg4 19. Bxf7+ Qxf7 20. Qxg5
Bxf3 21. gxf3 Re6 22. Qd5 Rf6 23. Qxf7+ R6xf7 24. Rfe1 Rxf3 25. Re2 h6 26. Rd7
R3f7 27. Rd6 Rc8 28. a4 Kf8 29. a5 b5 30. Re5 b4 31. b3 Re7 32. Rf5+ Ke8 33.
Rdd5 c4 34. bxc4 Rxc4 35. Rb5 Rd4 36. Rb8+ Kd7 37. Rfb5 Kc6 38. a6 Ree4 39.
R5b7 Rd7 40. Rb5 g5 1/2-1/2

[Event "Open Jastrzebie 2019"]
[Site "?"]
[Date "2019.08.15"]
[Round "4.10"]
[White "Borkowski, Maciej"]
[Black "Darda, Roman"]
[Result "1/2-1/2"]
[WhiteElo "1559"]
[BlackElo "1850"]
[PlyCount "95"]

1. c4 Nf6 2. g3 g6 3. Bg2 Bg7 4. Nc3 O-O 5. Nf3 d6 6. d4 Nbd7 7. O-O e5 8. dxe5
dxe5 9. Qc2 c6 10. Bg5 h6 11. Bxf6 Qxf6 12. Rad1 Qe7 13. e4 Nc5 14. b4 Ne6 15.
a3 b6 16. Qc1 Bb7 17. b5 Qc5 18. Rd7 Rfb8 19. Na4 Qf8 20. Nc3 Nc5 21. Rdd1 cxb5
22. cxb5 Rc8 23. Qe3 Ne6 24. Bh3 Qxa3 25. Rd3 Qe7 26. Rfd1 Rd8 27. Nd5 Bxd5 28.
Rxd5 Nc5 29. Qd2 Rxd5 30. Qxd5 Rb8 31. Nh4 Kh7 32. f3 Bf6 33. Ng2 Rd8 34. Qxd8
Qxd8 35. Rxd8 Bxd8 36. Ne3 Bg5 37. Nd5 Kg7 38. Bf1 Ne6 39. Kf2 Kf8 40. h4 Bc1
41. Nb4 Bb2 42. Nc6 Bd4+ 43. Kg2 Ke8 44. Nxa7 Nc7 45. Nc6 Kd7 46. Nb4 Kd6 47.
Na6 Ne6 48. Bc4 1/2-1/2

[Event "Open Jastrzebie 2019"]
[Site "?"]
[Date "2019.08.15"]
[Round "4.11"]
[White "Adamczyk, Piotr"]
[Black "Lysakowski, Piotr"]
[Result "1-0"]
[WhiteElo "1838"]
[BlackElo "1415"]
[PlyCount "91"]
[EventDate "2019.??.??"]

1. d4 e6 2. Nf3 d5 3. Bf4 Nf6 4. e3 c5 5. Nbd2 Nc6 6. c3 Be7 7. Bd3 O-O 8. h3
a6 9. a4 Bd7 10. O-O Rc8 11. Qe2 c4 12. Bc2 b5 13. axb5 axb5 14. e4 b4 15. e5
Nh5 16. Be3 g6 17. g4 Ng7 18. Bh6 b3 19. Bb1 Rc7 20. h4 Na7 21. Bg5 Nb5 22. Kh2
Ra7 23. Rxa7 Nxa7 24. Rg1 Nc8 25. Bh6 Nb6 26. h5 Qc7 27. Kh1 Ra8 28. Ng5 Qd8
29. f4 Ra1 30. Qh2 Bxg5 31. Bxg5 Qf8 32. Nf3 Ne8 33. Kg2 Ra8 34. hxg6 fxg6 35.
Rh1 Qf7 36. Bh6 Nc7 37. Bg5 Ne8 38. Nh4 Kf8 39. Nf3 Kg8 40. Qh4 Bc6 41. Kg3 Rb8
42. Bh6 Bd7 43. Ng5 Qe7 44. Bxg6 hxg6 45. Bf8 Kxf8 46. Qh8# 1-0

[Event "Open Jastrzebie 2019"]
[Site "?"]
[Date "2019.08.15"]
[Round "4.12"]
[White "Szymanski, Wojciech"]
[Black "Dziendziel, Mateusz"]
[Result "0-1"]
[WhiteElo "1500"]
[BlackElo "1801"]
[PlyCount "80"]

1. d4 Nf6 2. c4 g6 3. Nc3 Bg7 4. e4 d6 5. f4 O-O 6. Nf3 c5 7. d5 e6 8. Bd3 exd5
9. cxd5 Re8 10. O-O a6 11. a4 b6 12. f5 Nbd7 13. Bf4 Qc7 14. fxg6 hxg6 15. Qd2
Bb7 16. h3 Rab8 17. Bc2 Nh5 18. Bh2 Ne5 19. g4 Nxf3+ 20. Rxf3 Bd4+ 21. Kg2 Ng7
22. Raf1 Rf8 23. Bf4 Rbe8 24. Bh6 Qd7 25. Bb1 Be5 26. Ne2 b5 27. axb5 axb5 28.
Ra3 Ra8 29. Rff3 b4 30. Rxa8 Rxa8 31. Bf4 Bxf4 32. Qxf4 Ba6 33. Nc1 Re8 34. Bd3
Bb7 35. Nb3 f5 36. gxf5 gxf5 37. Rg3 fxe4 38. Bxe4 Qe7 39. Qg4 Qxe4+ 40. Kh2
Qxg4 0-1

[Event "Open Jastrzebie 2019"]
[Site "?"]
[Date "2019.08.15"]
[Round "4.13"]
[White "Koloczek, Maciej"]
[Black "Wos, Kacper"]
[Result "1-0"]
[WhiteElo "1958"]
[BlackElo "1313"]
[PlyCount "63"]

1. e4 c5 2. Nf3 g6 3. d4 cxd4 4. Nxd4 Bg7 5. c4 Nc6 6. Be3 Nf6 7. Nc3 d6 8. f3
Bd7 9. Rc1 a5 10. Na4 Nb4 11. a3 Na6 12. Nb5 Bc6 13. Bb6 Qb8 14. Bxa5 Nd7 15.
Bc3 O-O 16. Be2 Nc7 17. Bxg7 Kxg7 18. Nac3 Bxb5 19. cxb5 Qa7 20. a4 Qe3 21. b4
Ne5 22. Rc2 f5 23. Qd2 Nc4 24. Qd3 fxe4 25. Qxc4 exf3 26. gxf3 Rxf3 27. Qe4
Qf2+ 28. Kd2 Raf8 29. Rf1 Qxf1 30. Bxf1 Rxf1 31. Ne2 R8f7 32. Rxc7 1-0

[Event "Open Jastrzebie 2019"]
[Site "?"]
[Date "2019.08.15"]
[Round "4.14"]
[White "Radecki, Adam"]
[Black "Kovalenko, Yuriy"]
[Result "1/2-1/2"]
[WhiteElo "1792"]
[BlackElo "1658"]
[PlyCount "65"]

1. e4 c5 2. Nf3 Nc6 3. d3 g6 4. g3 Bg7 5. Bg2 d6 6. O-O Bg4 7. Nbd2 Qd7 8. c3
Nf6 9. Re1 O-O 10. Nf1 Bxf3 11. Bxf3 Ne5 12. Bg2 Qb5 13. c4 Qd7 14. f4 Nc6 15.
Bd2 Nh5 16. Bc3 Bd4+ 17. Bxd4 Nxd4 18. f5 e6 19. g4 Nf4 20. Qd2 e5 21. Ne3 Qd8
22. Nd5 g5 23. Qf2 Nxd3 24. Qg3 Nxe1 25. Rxe1 f6 26. Re3 Qa5 27. Qh3 Qd2 28.
Bf1 Rf7 29. Qh6 Qd1 30. Nxf6+ Kh8 31. Rh3 Nf3+ 32. Kf2 Qe1+ 33. Kxf3 1/2-1/2

[Event "Open Jastrzebie 2019"]
[Site "?"]
[Date "2019.08.15"]
[Round "4.16"]
[White "Bala, Bartosz"]
[Black "Kotowicz, Kamil"]
[Result "0-1"]
[WhiteElo "1093"]
[BlackElo "1498"]
[PlyCount "118"]

1. e4 c6 2. d4 d5 3. Nc3 dxe4 4. Nxe4 Bf5 5. Ng3 Bg6 6. h4 h6 7. Nf3 Nd7 8. h5
Bh7 9. Bd3 Bxd3 10. Qxd3 Qc7 11. c3 e6 12. Bd2 Ngf6 13. O-O-O Bd6 14. Ne4 Nxe4
15. Qxe4 Nf6 16. Qe2 O-O-O 17. Be3 Bf4 18. Kb1 Rhf8 19. Qd2 Bxe3 20. Qxe3 Ng4
21. Qe2 Qf4 22. g3 Qf5+ 23. Kc1 Rfe8 24. Rde1 Rd5 25. Ne5 Nxe5 26. dxe5 Red8
27. f4 Qd3 28. Qxd3 Rxd3 29. Rhg1 Rd2 30. Rh1 Rg2 31. Reg1 Rdd2 32. Rxg2 Rxg2
33. Rh3 Kc7 34. a3 Kb6 35. Kb1 Ka5 36. Ka2 Ka4 37. c4 a6 38. Kb1 b5 39. cxb5
axb5 40. Kc1 c5 41. Kb1 c4 42. Kc1 Ka5 43. Kb1 Kb6 44. Kc1 Ka6 45. Kb1 Ka5 46.
Kc1 Ka4 47. Kb1 c3 48. bxc3 Kb3 49. Kc1 Rc2+ 50. Kb1 Rxc3 51. f5 exf5 52. Rh4
Kxa3 53. Rf4 Rxg3 54. Rxf5 Kb3 55. Kc1 Kc3 56. Kb1 b4 57. Rxf7 Rg1+ 58. Ka2 b3+
59. Ka3 Ra1# 0-1

[Event "Open Jastrzebie 2019"]
[Site "?"]
[Date "2019.08.15"]
[Round "4.16"]
[White "Szymon, Jakub"]
[Black "Gradalski, Olaf"]
[Result "1/2-1/2"]
[WhiteElo "1572"]
[BlackElo "1531"]
[PlyCount "68"]

1. e4 e6 2. d4 d5 3. e5 c5 4. c3 Nc6 5. Nf3 Bd7 6. Be2 f6 7. O-O fxe5 8. Nxe5
Nxe5 9. dxe5 Ne7 10. f4 Qc7 11. Be3 Nc6 12. Na3 a6 13. Nc2 Be7 14. Qe1 O-O 15.
Rf3 Be8 16. Rh3 Bg6 17. Qd1 Qd7 18. Bd3 Qe8 19. Kh1 Rd8 20. Qe2 b5 21. Rf1 c4
22. Bxg6 Qxg6 23. Bd4 Rf7 24. g4 Rb8 25. f5 exf5 26. e6 Rff8 27. gxf5 Rxf5 28.
Rg1 Rg5 29. Rxg5 Qxg5 30. Rg3 Nxd4 31. Nxd4 Qc1+ 32. Rg1 Qf4 33. Rg4 Qc1+ 34.
Rg1 Qf4 1/2-1/2

[Event "Open Jastrzebie 2019"]
[Site "?"]
[Date "2019.08.15"]
[Round "4.17"]
[White "Kordela, Monika"]
[Black "Tomanec, Samuel"]
[Result "1/2-1/2"]
[WhiteElo "1541"]
[BlackElo "1207"]
[PlyCount "64"]

1. d4 d5 2. c4 e6 3. Nf3 Nf6 4. Bg5 h6 5. Bh4 Be7 6. Nc3 Nbd7 7. e3 c6 8. cxd5
exd5 9. Bd3 Nb6 10. O-O Bg4 11. Rc1 O-O 12. h3 Bh5 13. g4 Bg6 14. Bxg6 fxg6 15.
Ne5 Qe8 16. Qd3 Kh7 17. Ne2 Nbd7 18. Nxd7 Qxd7 19. Nf4 Ne4 20. Bxe7 Qxe7 21. f3
g5 22. Ng2 g6 23. fxe4 dxe4 24. Qb3 Rab8 25. d5 cxd5 26. Qxd5 Rbd8 27. Qa5 b6
28. Qb5 Rf3 29. Rxf3 exf3 30. Qc4 fxg2 31. Qc7 Rd7 32. Qg3 Rd3 1/2-1/2

[Event "Open Jastrzebie 2019"]
[Site "?"]
[Date "2019.08.15"]
[Round "4.18"]
[White "Rocek, Matyas"]
[Black "Kozubek, Krystian"]
[Result "0-1"]
[WhiteElo "1048"]
[BlackElo "1495"]
[PlyCount "48"]

1. e4 c6 2. Nf3 d5 3. Nc3 Bg4 4. Be2 Nf6 5. d3 e6 6. O-O Be7 7. Bg5 O-O 8. h3
Bh5 9. Ne5 Bxe2 10. Qxe2 d4 11. Nd1 Nfd7 12. Nxd7 Nxd7 13. Bxe7 Qxe7 14. c3
Rad8 15. cxd4 Nb6 16. Qe3 Qd6 17. Nc3 Qxd4 18. Qxd4 Rxd4 19. Rad1 Rfd8 20. f3
Rxd3 21. a3 Kf8 22. Na2 Rxd1 23. Rxd1 Rxd1+ 24. Kh2 Rd2 0-1

[Event "Open Jastrzebie 2019"]
[Site "?"]
[Date "2019.08.15"]
[Round "4.19"]
[White "Lysakowski, Kamil"]
[Black "Piec, Patryk"]
[Result "1-0"]
[WhiteElo "1494"]
[BlackElo "1095"]
[PlyCount "83"]

1. e4 e5 2. Nf3 Nc6 3. d4 exd4 4. c3 dxc3 5. Nxc3 Bc5 6. Bc4 d6 7. Qb3 Qe7 8.
Bg5 Nf6 9. O-O O-O 10. Nd5 Qxe4 11. Nxf6+ gxf6 12. Bh6 Rd8 13. Bxf7+ Kh8 14.
Qc3 Bd4 15. Nxd4 Qxd4 16. Qg3 Qg4 17. Rae1 Qxg3 18. fxg3 f5 19. Bg5 Kg7 20.
Bxd8 Kxf7 21. Bxc7 b6 22. Bxd6 Ba6 23. Rxf5+ Kg6 24. g4 Rd8 25. Re6+ Kg7 26. h4
Bc8 27. Rg5+ Kf7 28. Rh6 Rh8 29. Bf4 Nd4 30. Be5 Ne2+ 31. Kf2 Re8 32. Kxe2 Ba6+
33. Kf2 Rc8 34. Rf6+ Ke7 35. Rg7+ Ke8 36. Rg8+ Kd7 37. Rd6+ Ke7 38. Rxc8 Bxc8
39. Rh6 Bxg4 40. Rxh7+ Ke6 41. Bd4 Kd5 42. Be3 1-0

[Event "Open Jastrzebie 2019"]
[Site "?"]
[Date "2019.08.15"]
[Round "4.21"]
[White "Aleshko, Margarita"]
[Black "Lubszczyk, Piotr"]
[Result "1-0"]
[WhiteElo "1319"]
[BlackElo "1067"]
[PlyCount "111"]

1. d4 d5 2. c4 e6 3. g3 c5 4. Bg2 Nf6 5. Nf3 Nc6 6. O-O Be7 7. dxc5 Bxc5 8.
cxd5 exd5 9. a3 a5 10. Qc2 b6 11. Rd1 Ng4 12. e3 O-O 13. Nc3 Nf6 14. Nxd5 Nxd5
15. e4 Ncb4 16. Qd2 Ba6 17. exd5 Nd3 18. Rf1 Qf6 19. Qg5 Qxg5 20. Nxg5 h6 21.
Nh3 Rad8 22. Rd1 Ne5 23. b4 Be7 24. Be3 Nc4 25. Bd4 a4 26. Nf4 g5 27. Nh5 f5
28. Re1 Rf7 29. Re6 Rd6 30. Rae1 Rxe6 31. Rxe6 Bf8 32. Nf6+ Kg7 33. Ne8+ Kh7
34. d6 Bc8 35. Nf6+ Kg7 36. Nd7+ Kg8 37. Rg6+ Bg7 38. Bd5 Bxd7 39. Bxf7+ Kxf7
40. Rxg7+ Ke6 41. Rg6+ Kd5 42. Bg7 Nxa3 43. Rxh6 Nc2 44. Bb2 Nxb4 45. Rh7 Ke6
46. Ba3 Nc2 47. Re7+ Kd5 48. Rxd7 Nxa3 49. Ra7 Kxd6 50. Rxa4 Nb5 51. h4 gxh4
52. gxh4 Kc5 53. h5 Nd6 54. h6 b5 55. Rf4 b4 56. h7 1-0

[Event "Open Jastrzebie 2019"]
[Site "?"]
[Date "2019.08.15"]
[Round "4.22"]
[White "Rocek, Lukas"]
[Black "Gollner, Martin"]
[Result "0-1"]
[WhiteElo "1030"]
[BlackElo "1282"]
[PlyCount "80"]

1. e4 e5 2. Nf3 Nc6 3. Bc4 Bc5 4. Nc3 d6 5. h3 Nf6 6. d3 Be6 7. Bb3 Bxb3 8.
axb3 h6 9. Be3 Bb6 10. d4 exd4 11. Nxd4 Nxd4 12. Bxd4 O-O 13. O-O Re8 14. Re1
d5 15. Bxf6 Qxf6 16. Qd2 dxe4 17. Nxe4 Qxb2 18. Nc3 Rxe1+ 19. Rxe1 Qa3 20. Re4
Qc5 21. Rg4 Qc6 22. Na4 Qf6 23. Nxb6 axb6 24. Qd5 Ra1+ 25. Kh2 c6 26. Qd7 Qxf2
27. Qe8+ Kh7 28. Qe5 Qg1+ 29. Kg3 Qe1+ 30. Qxe1 Rxe1 31. Rf4 Kg6 32. Kg4 Re2
33. h4 h5+ 34. Kf3 Rxc2 35. Rb4 b5 36. Kg3 f6 37. Kh3 Kf5 38. g4+ hxg4+ 39.
Rxg4 Rc3+ 40. Kg2 Kxg4 0-1

[Event "Open Jastrzebie 2019"]
[Site "?"]
[Date "2019.08.15"]
[Round "4.25"]
[White "Gadlina, Adrian"]
[Black "Miskowiec, Stanislaw"]
[Result "1-0"]
[WhiteElo "1097"]
[BlackElo "1266"]
[PlyCount "117"]

1. d4 g6 2. c4 Bg7 3. Nf3 c6 4. Nc3 Nf6 5. e4 d6 6. Be2 Bg4 7. h3 Bxf3 8. Bxf3
h6 9. O-O Nbd7 10. Be3 O-O 11. Qd2 g5 12. Rfe1 e5 13. d5 c5 14. Ne2 Nb6 15. b3
Qd7 16. Ng3 Kh7 17. Nf5 Kg6 18. g4 Rh8 19. Kg2 a5 20. Nxg7 Kxg7 21. Bxg5 a4 22.
Bxf6+ Kxf6 23. Kg3 Rag8 24. Rg1 Ke7 25. Qa5 Qc7 26. Kh2 Ra8 27. Qd2 f6 28. h4
Qd8 29. Be2 Kf7 30. f4 f5 31. Kh3 fxe4 32. fxe5 Qe7 33. Qf4+ Kg8 34. exd6 Qe8
35. h5 Nd7 36. g5 Qf7 37. gxh6+ Kf8 38. Qxf7+ Kxf7 39. Rg7+ Ke8 40. Rag1 Nf8
41. Rg8 Rxh6 42. Rf1 Kd7 43. Rfxf8 Rxf8 44. Rxf8 Kxd6 45. Re8 Kd7 46. Rxe4 Rb6
47. Bd1 Rf6 48. Kg4 Rf1 49. Bf3 Rf2 50. bxa4 Rxa2 51. h6 Rxa4 52. h7 Ra8 53.
Kg5 Rf8 54. Rh4 Kd6 55. h8=Q Rxh8 56. Rxh8 Ke5 57. Rb8 Kd4 58. Rxb7 Kxc4 59. d6
1-0

[Event "Open Jastrzebie 2019"]
[Site "?"]
[Date "2019.08.15"]
[Round "5.1"]
[White "Molenda, Marcin"]
[Black "Galuszka, Tomasz"]
[Result "1/2-1/2"]
[WhiteElo "2387"]
[BlackElo "2113"]
[PlyCount "79"]

1. Nf3 d5 2. g3 Nf6 3. Bg2 c6 4. O-O Bg4 5. d3 Bxf3 6. Bxf3 h5 7. c4 dxc4 8.
dxc4 Qxd1 9. Rxd1 Nbd7 10. Bg2 e6 11. h3 a5 12. b3 a4 13. Bb2 axb3 14. axb3
Rxa1 15. Bxa1 Bb4 16. Nc3 O-O 17. Na4 Ra8 18. Bf3 Ra5 19. Bd4 e5 20. Be3 Nc5
21. Rd8+ Kh7 22. Bxc5 Bxc5 23. Rb8 e4 24. Bg2 b6 25. Nxc5 bxc5 26. Rb6 Ra1+ 27.
Bf1 e3 28. f3 Nd7 29. Rb7 Rd1 30. Kg2 h4 31. gxh4 f5 32. Rc7 f4 33. Rxc6 Kg8
34. Re6 Nf6 35. Re5 g6 36. Rxc5 Nh5 37. Rg5 Kf7 38. b4 Ng3 39. Rg4 Rd4 40. Rxg3
1/2-1/2

[Event "Open Jastrzebie 2019"]
[Site "?"]
[Date "2019.08.15"]
[Round "5.2"]
[White "Khamitskiy, Sergei"]
[Black "Czerw, Dawid"]
[Result "1/2-1/2"]
[WhiteElo "2243"]
[BlackElo "2281"]
[PlyCount "21"]

1. d4 Nf6 2. c4 e6 3. g3 d5 4. Bg2 dxc4 5. Nf3 Bb4+ 6. Bd2 c5 7. O-O O-O 8.
dxc5 Bxc5 9. Qc2 Nbd7 10. Qxc4 b5 11. Qxb5 1/2-1/2

[Event "Open Jastrzebie 2019"]
[Site "?"]
[Date "2019.08.15"]
[Round "5.3"]
[White "Klepek, Witold"]
[Black "Tymrakiewicz, Rafal"]
[Result "1/2-1/2"]
[WhiteElo "2197"]
[BlackElo "2226"]
[PlyCount "71"]

1. e4 c6 2. d4 d5 3. f3 e5 4. dxe5 Bc5 5. Nc3 Ne7 6. Bd3 O-O 7. Bg5 Be6 8. f4
h6 9. Bxe7 Qxe7 10. Nf3 Be3 11. f5 d4 12. Ne2 c5 13. fxe6 fxe6 14. Ng3 c4 15.
Nf1 cxd3 16. Nxe3 dxe3 17. Qxd3 Qb4+ 18. c3 Qxb2 19. O-O e2 20. Rfe1 Qa3 21.
Rxe2 Nc6 22. Qc4 Qe7 23. Qb5 Rxf3 24. gxf3 Rf8 25. Kh1 Qg5 26. Rg2 Qe7 27. Rb1
Rf7 28. Rg3 a6 29. Qb6 Nxe5 30. Rf1 Rf4 31. Rd1 Kh7 32. Rd6 Qf6 33. Rg1 g5 34.
Qc7+ Kg6 35. Qxb7 Rxf3 36. Qxa6 1/2-1/2

[Event "Open Jastrzebie 2019"]
[Site "?"]
[Date "2019.08.15"]
[Round "5.4"]
[White "Dziendziel, Mateusz"]
[Black "Norov, Artem"]
[Result "1/2-1/2"]
[WhiteElo "1801"]
[BlackElo "1894"]
[PlyCount "155"]

1. e4 d5 2. exd5 Qxd5 3. Nc3 Qd6 4. Nf3 Nf6 5. g3 c6 6. Bg2 Bf5 7. O-O Nbd7 8.
d3 e6 9. Re1 Be7 10. Bf4 Qb4 11. Rb1 O-O 12. Nd2 Qb6 13. Nc4 Qd8 14. Nd6 Bxd6
15. Bxd6 Re8 16. Ne4 Nb6 17. Ba3 Nxe4 18. dxe4 Bg6 19. b3 h6 20. f4 Qxd1 21.
Rbxd1 Rad8 22. Bf3 f6 23. c4 Nc8 24. e5 Kf7 25. Kf2 Bc2 26. Rc1 Bg6 27. Red1
Ne7 28. g4 fxe5 29. fxe5 Bh7 30. Ke3 h5 31. h3 hxg4 32. hxg4 Bg6 33. Kf4 Bd3
34. Bd6 Bg6 35. Bc7 Rxd1 36. Rxd1 Rc8 37. Ba5 Ke8 38. Rd6 Bf7 39. Be4 b6 40.
Bc3 c5 41. Bb7 Rc7 42. Ba6 Ng6+ 43. Kg5 Ke7 44. Bb5 Nf8 45. a4 Be8 46. Ba6 Rd7
47. Bb5 Rc7 48. Ba6 Rd7 49. Rxd7+ Bxd7 50. Bb7 Be8 51. Be4 Bf7 52. a5 Be8 53.
axb6 axb6 54. b4 Nd7 55. Bg6 Bf7 56. bxc5 bxc5 57. Bd3 Be8 58. Bb2 Bf7 59. Kf4
Be8 60. Ba3 Bf7 61. Bc2 Be8 62. Ba4 Kf7 63. Bb5 Ke7 64. Bxd7 Bxd7 65. Bxc5+ Kf7
66. Bd6 Bc6 67. Bc7 Ke7 68. Bb6 Kf7 69. Bd8 Ke8 70. Bh4 Kf7 71. c5 Ke8 72. Ke3
Kf7 73. Kd4 Ke8 74. Kc4 Kd7 75. Kb4 Bf3 76. g5 g6 77. Kb5 Bc6+ 78. Kb6 1/2-1/2